| 000 -CABECERA |
| Longitud fija campo de control |
00948nam a2200253 a 4500 |
| 001 - NÚMERO DE CONTROL |
| Número de control |
815 |
| 003 - IDENTIFICADOR DEL NÚMERO DE CONTROL |
| Identificador del número de control |
CDMR |
| 005 - FECHA Y HORA DE LA ÚLTIMA TRANSACCIÓN |
| Fecha y hora de la última transacción |
20151026133603.0 |
| 008 - CÓDIGOS DE INFORMACIÓN DE LONGITUD FIJA |
| Códigos de información de longitud fija |
130130s1992||||||||||||||||||||||||||||d |
| 040 ## - FUENTE DE LA CATALOGACIÓN |
| Centro catalogador de origen |
CDMR |
| Lengua de catalogación |
cat |
| Centro transcriptor |
CDMR |
| 100 1# - PUNTO DE ACCESO PRINCIPAL-NOMBRE DE PERSONA |
| Nombre de persona |
Figueres i Artigues, Josep Maria |
| 9 (RLIN) |
13 |
| 245 13 - MENCIÓN DE TÍTULO |
| Título |
El Diari Català |
| Resto del título |
: plataforma d'exposició ideològica i d'activisme del catalanisme polític (1879-1881) |
| Mención de responsabilidad, etc. |
Josep M. Figueres i Artigues |
| 260 ## - PUBLICACIÓN, DISTRIBUCIÓN, ETC. (PIE DE IMPRENTA) |
| Lugar de publicación, distribución, etc. |
Bellaterra (Barcelona) |
| Fecha de publicación, distribución, etc. |
1992 |
| Nombre del editor, distribuidor, etc. |
|
| 300 ## - DESCRIPCIÓN FÍSICA |
| Extensión |
365 p ; |
| Dimensiones |
30 cm |
| 500 ## - NOTA GENERAL |
| Nota general |
Cinquè volum apèndix documentals |
| 500 ## - NOTA GENERAL |
| Nota general |
Exemplar fotocopiat |
| 500 ## - NOTA GENERAL |
| Nota general |
Tesi doctoral, Universitat Autònoma de Barcelona. Departament d'Història Moderna i Contemporània |
| 610 2# - PUNTO DE ACCESO ADICIONAL DE MATERIA - NOMBRE DE ENTIDAD CORPORATIVA |
| 9 (RLIN) |
194 |
| Nombre de entidad corporativa o nombre de jurisdicción como elemento inicial |
Diari Català |
| 650 04 - PUNTO DE ACCESO ADICIONAL DE MATERIA - TÉRMINO DE MATERIA |
| 9 (RLIN) |
195 |
| Término de materia o nombre geográfico como elemento inicial |
Premsa |
| Subdivisión geográfica |
Catalunya |
| 650 04 - PUNTO DE ACCESO ADICIONAL DE MATERIA - TÉRMINO DE MATERIA |
| 9 (RLIN) |
3379 |
| Término de materia o nombre geográfico como elemento inicial |
Nacionalisme |
| Subdivisión geográfica |
Catalunya |
| Subdivisión cronológica |
S. XIX |
| 650 04 - PUNTO DE ACCESO ADICIONAL DE MATERIA - TÉRMINO DE MATERIA |
| 9 (RLIN) |
2994 |
| Término de materia o nombre geográfico como elemento inicial |
Tesis i dissertacions acadèmiques |
| 700 1# - PUNTO DE ACCESO ADICIONAL - NOMBRE DE PERSONA |
| Nombre de persona |
Bonamusa Gaspa, Francesc |
| Término indicativo de función |
dir. |
| 9 (RLIN) |
642 |
| 942 ## - ENTRADA DE ELEMENTOS AGREGADOS (KOHA) |
| Koha [por defecto] tipo de item |
Tesines |
| Fuente de clasificaión o esquema |
|